Statistics for Percy Jackson/Heroes of Olympus Figures

Click here to take the quiz!

General Stats

  • This quiz has been taken 45 times
  • The average score is 51 of 74

Answer Stats

ClueAnswer% Correct
Drools in his sleep.Percy Jackson
100%
Father of ^Poseidon
100%
Cyclops son of ^Tyson
97%
Has a Yankees hat that allows the user
to become invisible.
Annabeth Chase
94%
Mother of ^Athena
94%
Was turned into a tree by her father but
now is the lieutenant of Artemis.
Thalia Grace
94%
Father of ^Zeus
94%
The sword of the main character given to him
in the first book.
Anaklusmos/Riptide
91%
Sister of ^ who was also a hunter of ArtemisBianca di Angelo
91%
The Pegasus that the main character rescued.Blackjack
91%
The banished god that now runs Camp Half-Blood.Dionysus
91%
His uncle Ferdinand was turned to stone.Grover Underwood
91%
The lightning thief.Luke Castellan
91%
Got trapped in the Lotus Casino
with his sister.
Nico di Angelo
91%
Camper that sacrificed themselves to destroy
Kronos' Army on their ship. Also the boyfriend of ^.
Charles Beckendorf
86%
The boy with one eye.Ethan Nakamura
86%
Father of ^Hermes
86%
Mother of ^Maria di Angelo
86%
Mother of ^May Castellan
86%
The new oracle.Rachel Elizabeth Dare
86%
The Hippocampus that the Cyclops names.Rainbow
86%
Daughter of Aphrodite that is friends with
the daughter of Ares.
Silena Beauregard
86%
The two brothers that are often mistaken for twins.Travis and Connor Stoll
86%
The main character's first step-father.Gabe Ugliano
83%
The main character's second step-dad.Paul Blofis
83%
Tries to give main character swirly.Clarisse La Rue
80%
Shape shifter with a deadly stick.Frank Zhang
80%
The violent satyr aboard ^Gleeson Hedge
80%
Powerful charm speaker.Piper McLean
80%
The monster that the main character fights on
Half-BloodHill in the first book.
The Minotaur
80%
Greek form of ^Hades
77%
Sacrificed themselves on an island in Alaska
to stop Gaea from awakening.
Hazel Levesque
77%
Says "I love you" in Morse code when anxious.Leo Valdez
77%
Obsessed with stuffed animals.Octavian
77%
Father of ^Pluto
77%
Praetor of the camp at the beginning of
Son of Neptune.
Reyna Avila Ramírez-Arellano
77%
Boat that Cabin 9 built.The Argo II
77%
Bronze Dragon that loves tabasco sauceFestus
74%
Chiron's pseudonym when going into
the mortal world.
Mr. Brunner
74%
Stapler Eater.Jason Grace
71%
Father of ^Jupiter
71%
The person who makes the best seven layer dip.Sally Jackson
71%
The home of the previous oracle.The attic of the Big House.
71%
Job of ^Actor
69%
Mother of ^Bellona
69%
The harpy that has encyclopedic knowledge.Ella
69%
Job of ^.English high school teacher
69%
The monster that tries to destroy Mount Olympus.Typhon
69%
The Guardian of ^Arachne
66%
Bob's real nameIapetus
66%
The monster cheerleader that made a
comeback in Tartarus.
Kelli
66%
Wife of ^Mellie
66%
Babysitter of ^Tía Callida
66%
Father of ^Tristan McLean
66%
Name of the ship that Kronos' army stays on.Princess Andromeda
63%
The god of death.Thanatos
63%
Centurions of ^ in the beginning of Son of Neptune.Dakota and Gwendolyn
57%
Cohort that the main character joins.The Fifth Cohort
57%
What the main character's girlfriend did to him after
seeing him in the beginning of Mark of Athena.
Judo-Flipped him
54%
The place that ^ works at.Sweet on America
49%
What the Mark of Athena lead the main character's
girlfriend to.
Athena Parthenos
46%
Position at Camp Jupiter that ^ was
at the beginning of Son of Neptune.
Probatio
43%
Apollo's alter-ego in the Titan's Curse.Fred
40%
Favourite food of ^Peanut Butter
40%
Second spear of ^Maimer/Lamer
34%
What the twin giants trapped their hostage from
Tartarus in.
A jar
31%
Dagger of Helen of TroyKatoptris
31%
Mother of ^Nemisis
31%
The game that the camp director loves to play.Pinochle
31%
The anti-Poseidon that the main character has to
fight.
Polybotes
29%
The name of the stuffed leopard in the Big House.Seymour
23%
The goddess that the main character made choke
their own blood.
Misery/Akhlys
20%
The name of the gassy weasel.Gale
11%
Car that Apollo drives as his sun chariot.Maserati Spyder
9%

Score Distribution

Percentile by Number Answered

Percent of People with Each Score

Your Score History

You have not taken this quiz